00331nam a2200133Ia 4500008004100000020001500041041001200056082001100068100001800079245003300097260004400130300000800174650001500182221030s9999 xx 000 0 und d a8178817772 aEnglish a105.23 aK. Seetapathi 4aThe New World of Derivatives bICFAI University PressaHyderabadc2005 a161 aManagement